NHL - Most goals since 2010 - Statistics

General Stats
  • This quiz has been taken 40 times
  • The average score is 17 of 25
Answer Stats
Goals Players % Correct
628 Alex Ovechkin
100%
442 Sidney Crosby
100%
401 Auston Matthews
97%
416 Patrick Kane
94%
361 Connor McDavid
91%
371 Evgeni Malkin
91%
508 Steven Stamkos
91%
367 Nathan MacKinnon
88%
399 Leon Draisaitl
82%
357 Nikita Kucherov
82%
470 John Tavares
74%
327 Anze Kopitar
71%
393 Joe Pavelski
71%
424 Brad Marchand
68%
340 Claude Giroux
65%
328 Patrice Bergeron
65%
391 David Pastrnak
62%
330 Corey Perry
56%
377 Jamie Benn
56%
360 Tyler Seguin
47%
336 Mark Scheifele
38%
326 Chris Kreider
35%
329 Max Pacioretty
24%
347 Matt Duchene
21%
373 Jeff Skinner
18%
No matching quizzes found
Score Distribution
Percent of People with Each Score
Percentile by Number Answered
Your Score History
You have not taken this quiz